000 00351cam a22001097a 4500
008 180718b xxu||||| |||| 00| 0 eng d
082 _aYA5375x54 In2e
245 _aNational electronics policy
_cby Lok Sabha Secretariat, India
260 _aDelhi
_bLok Sabha Secretariat
_c
500 _aContents : Library 1985, 1988
700 _aIndia. Lok Sabha Secretariat
999 _c499262
_d499262